00962nam a2200241 i 4500001000700000003000900007005001700016008004100033040002000074100002700094245008200121260006200203300007100265505003900336599003000375599004900405651003400454700002800488752002400516852003500540999001900575952012600594163432ES-MaACL20230906212734.0050727s1877 fr afb |||| | fre d aCAM bspa cCAM1 aRhone, Arthur.913176412aL'Egypte a petites journées b: études et souvenirs / cpar Arthur Rhone. aParis : bErnest Leroux, c[1877] (fImp. de E. Martinet) a430 p., [6] h. de grab., [6] h. de map. y plan. : bil. ; c25 cm.8 aContiene: Le Kaire et ses environs aLas h. de lam., grabados. aLas h. de map. y plan., algunos a doble pag. 4aEgipto-xDescripción.981411 aLeroux, Ernest.9128893 aFrancia - dParís aES-MaACLjG-1157 z- Enc. hol. c163432d163432 001040708LIBXIXaATENEOMbATENEOMcDEPO2d2008-01-17eSSCl0oG-1157p1171261r2023-02-23 00:00:00w2023-02-23yMONANT